River by River Elimination - Statistics

General Stats
  • This quiz has been taken 191 times
  • The average score is 6 of 20
Answer Stats
Hint Answer % Correct
Sacred to a religion Ganges
71%
Named after a European Explorer Mackenzie
58%
Flows exclusively through Russia Ob
46%
Flows into the Caspian Sea Volga
44%
One of the cradles of civilization Indus
41%
Named for a location in Mythology Amazon
37%
Has its source in a country with English as the official language Thames
32%
Was once a border of the Roman Empire Danube
30%
Shares its name with a country Paraguay
27%
Its water never reaches the ocean Jordan
25%
The longest river on its respective continent Missouri
23%
Located in a country beginning with I Tiber
21%
Starts around 200 miles from the ocean, but takes 2,000 miles to get there Niger
17%
Flows more northward than any other direction Rhine
15%
Has it's mouth in the Eastern Hemisphere Amur
14%
Flows through multiple national capitals Nile
14%
Flows through at least one Megacity Pearl
14%
Its source is a lake St. Lawrence
12%
Flows into the Atlantic Ocean Rio Grande
11%
Flows through four or more countries Zambezi
10%
No matching quizzes found
Score Distribution
Percent of People with Each Score
Percentile by Number Answered
Your Score History
You have not taken this quiz